000 00465nam a2200181Ia 4500
001 18411
005 20260306171628.0
008 260306s9999||||xx |||||||||||||| ||und||
041 _aESP
082 _a658.4038011
_bL29 2022
100 _aLaudon, Kenneth C.
_eAUT
245 0 _aManagement information systems:
_bmanaging the digital firm
260 _c2022
300 _a648 páginas :
_c28 cm.
650 _aGEN
654 _aCAN
942 _cLIB
_dJUS
_fJUS
_2ddc
_n
999 _c18411
_d18411